NBS na rokovaní guvernérov.
Rozhovor s viceguvernérom NBS M. Tkáčom o jeho pracovných stretnutiach s guvernérmi 12 centrálnych bánk Európy. Rokovanie pracovnej skupiny, tzv. belgickej, vo Washingtone. Názor expertov na ekonomický vývoj SR v oblasti tvorby štátneho rozpočtu, na menovú politiku NBS, stav devízových rezerv. Misia...
Guardado en:
| Autor principal: | |
|---|---|
| Otros Autores: | |
| Formato: | Capítulo de libro |
| Lenguaje: | eslovaco |
| Materias: | |
| Etiquetas: |
Sin Etiquetas, Sea el primero en etiquetar este registro!
|
MARC
| LEADER | 00000naa a2200000 4500 | ||
|---|---|---|---|
| 001 | r013619 | ||
| 005 | 20221213122734.6 | ||
| 041 | 0 | |a slo | |
| 044 | |a SK | ||
| 245 | 1 | 0 | |a NBS na rokovaní guvernérov. |c M. Tkáč, Soňa Babincová |
| 520 | |a Rozhovor s viceguvernérom NBS M. Tkáčom o jeho pracovných stretnutiach s guvernérmi 12 centrálnych bánk Európy. Rokovanie pracovnej skupiny, tzv. belgickej, vo Washingtone. Názor expertov na ekonomický vývoj SR v oblasti tvorby štátneho rozpočtu, na menovú politiku NBS, stav devízových rezerv. Misia MNF na Slovensku. | ||
| 610 | 2 | 0 | |a bankovníctvo |
| 610 | 2 | 0 | |a NBS Bratislava |
| 610 | 2 | 0 | |a Medzinárodný menový fond |
| 610 | 2 | 0 | |a úver zahraničný |
| 610 | 2 | 0 | |a IBRD |
| 100 | 1 | |a Tkáč, M. | |
| 700 | 1 | |a Babincová, Soňa | |